Vè đấu tranh ở Đà Nẵng

Khái quát về vè, tiếng nói, lời ca đấu tranh của vùng đất Đà Nẵng. Giới thiệu những bài vè về đấu tranh phong kiến, thực dân: Vè xin xâu chống thuế, vè chống sưu thuế, vè thuế nặng, vè đầy tớ, vè thừa văn, vè đói kém mất mùa......

Cijeli opis

Spremljeno u:
Bibliografski detalji
Glavni autor: Đinh Thị Hựu
Format: Knjiga
Jezik:Vietnamese
Izdano: H. Khoa học xã hội 2015
Teme:
Oznake: Dodaj oznaku
Bez oznaka, Budi prvi tko označuje ovaj zapis!
Thư viện lưu trữ: Mạng thư viện Đại học Đà Nẵng
LEADER 01528aam a22003738a 4500
001 000023910
003 20363
005 20160513090514.0
008 160505s2015 viesd
020 |d 2000b 
041 0 |a vie 
082 0 4 |2 23  |a 398.8409597  |b ĐI-H 
100 1 |a Đinh Thị Hựu 
245 1 0 |a Vè đấu tranh ở Đà Nẵng  |c Đinh Thị Hựu 
260 |a H.  |b Khoa học xã hội  |c 2015 
300 |a 182 tr.  |c 21 cm. 
500 |a ĐTTS ghi: Hội Văn nghệ Dân gian Việt Nam 
504 |a Thư mục: tr. 173-176 
520 |a Khái quát về vè, tiếng nói, lời ca đấu tranh của vùng đất Đà Nẵng. Giới thiệu những bài vè về đấu tranh phong kiến, thực dân: Vè xin xâu chống thuế, vè chống sưu thuế, vè thuế nặng, vè đầy tớ, vè thừa văn, vè đói kém mất mùa... 
650 0 4 |2 Bộ TK TVQG  |a Văn học dân gian  |x Vè  |z Đà Nẵng 
651 7 |2 Bộ TK TVQG  |a Việt Nam 
653 |a Văn học dân gian 
653 |a Vè 
655 7 |2 Bộ TK TVQG  |a Vè 
OWN |a LSP 
AVA |a UDN50  |b LSP  |d 398.8409597 ĐI-H  |e available  |t Error 5001 Not defined in file expand_doc_bib_avail.  |f 1  |g 0  |h N  |i 0  |k 1 
999 |a From the UDN01 
AVA |a UDN50  |b LSP  |d 398.8409597 ĐI-H  |e available  |t Error 5001 Not defined in file expand_doc_bib_avail.  |f 1  |g 0  |h N  |i 0  |k 1 
TYP |a Monograph 
TYP |a Printed language 
980 |a Mạng thư viện Đại học Đà Nẵng